[Event "AUTO-ADV-545"]
[Site "http://www.queenalice.com/game.php?id=232512"]
[Date "2007.6.29"]
[Round "1"]
[White "Rafael_Barbosa"]
[Black "yalokin"]
[Result "0-1"]
[WhiteElo "1673"]
[BlackElo "1926"]

1. c4 c5 2. Nf3 g6 3. e3 Nf6 4. d4 b6 5. d5 d6 6. Bd3 Bg7 7. O-O Bg4 8. Be2 O-O
9. a3 Re8 10. Nc3 e6 11. dxe6 Rxe6 12. Nb5 Nc6 13. Ng5 Bxe2 14. Nxe6 Bxd1 15.
Nxd8 Be2 16. Re1 Bxc4 17. Nxd6 Rxd8 18. Nxc4 b5 19. Nd2 c4 20. Nf3 a5 21. Bd2 b4
22. axb4 axb4 23. Ra4 Nd5 0-1

[Event "AUTO-ADV-545"]
[Site "http://www.queenalice.com/game.php?id=232519"]
[Date "2007.6.29"]
[Round "1"]
[White "Rafael_Barbosa"]
[Black "Roman"]
[Result "0-1"]
[WhiteElo "1916"]
[BlackElo "1869"]

1. c4 c5 2. Nf3 Nc6 3. a3 Nf6 4. d4 cxd4 5. Nxd4 a6 6. e3 d6 7. Bd3 Qc7 8. O-O
Ne5 9. Nc3 Nxc4 10. Bxc4 Qxc4 11. Na4 Qc7 12. Qb3 b5 13. Nc3 Bb7 14. Bd2 g6 15.
Rac1 Qb6 16. Rfe1 Bg7 17. e4 Ng4 18. Nde2 Qxf2+ 19. Kh1 O-O 20. Nd5 Be5 21. Bc3
Bxd5 22. Qxd5 Ne3 0-1

[Event "AUTO-ADV-545"]
[Site "http://www.queenalice.com/game.php?id=232520"]
[Date "2007.6.29"]
[Round "1"]
[White "Roman"]
[Black "Rafael_Barbosa"]
[Result "1-0"]
[WhiteElo "1953"]
[BlackElo "1890"]

1. e4 e5 2. Nf3 Nc6 3. Bc4 Nf6 4. Ng5 d5 5. exd5 Nxd5 6. Nxf7 Kxf7 7. Qf3+ Ke8
8. Bxd5 Ne7 9. Qf7+ Kd7 10. Nc3 Qe8 11. Qe6+ Kd8 12. Qxe5 Nxd5 13. Qxe8+ Kxe8
14. Nxd5 Bd6 15. O-O Kf7 16. d4 Be6 17. Nc3 Rhe8 18. Be3 Kg8 19. Rad1 Bf5 20.
Rd2 Re6 21. Nb5 a6 22. Nxd6 cxd6 23. c3 Rae8 24. h3 d5 25. Bf4 Rg6 26. g4 Rf8
27. Bg3 Bd7 28. Kh2 Rh6 29. Kg2 Re8 30. Be5 Rg6 31. f3 h5 32. Kg3 Rf8 33. Rdf2
Bb5 34. Re1 hxg4 35. hxg4 Kf7 36. Rh2 Bd7 37. Reh1 Ke8 38. Rh7 Rg8 39. R1h4 Bf5
40. Kf4 Rf8 41. gxf5 Rg2 42. b3 Rxa2 43. Rxg7 b5 44. Rhh7 Ra3 45. Re7+ Kd8 46.
Rd7+ Kc8 47. Rc7+ Kd8 48. Ra7 Rxb3 49. Ra8# 1-0

[Event "AUTO-MASTER-342"]
[Site "http://www.queenalice.com/game.php?id=236279"]
[Date "2007.7.8"]
[Round "1"]
[White "dimis283"]
[Black "Rafael_Barbosa"]
[Result "1-0"]
[WhiteElo "2063"]
[BlackElo "1915"]

1. c4 e5 2. Nc3 c6 3. d4 exd4 4. Qxd4 Nf6 5. Nf3 Bb4 6. Bg5 O-O 7. e3 c5 8. Qd3
d6 9. Be2 Bg4 10. O-O Bxc3 11. bxc3 Nc6 12. Rfd1 Qa5 13. Bxf6 gxf6 14. Qxd6 Qxc3
15. Qg3 f5 16. h3 Qc2 17. Bd3 Qc3 18. hxg4 fxg4 19. Qxg4+ Qg7 20. Qxg7+ Kxg7 21.
Be4 Na5 22. Rd7 Nxc4 23. Bxb7 Rad8 24. Rad1 Rb8 25. Bd5 Nb6 26. Rxa7 Rbd8 27. e4
Ra8 28. Bxa8 1-0

[Event "AUTO-MASTER-342"]
[Site "http://www.queenalice.com/game.php?id=236280"]
[Date "2007.7.8"]
[Round "1"]
[White "Rafael_Barbosa"]
[Black "dimis283"]
[Result "1-0"]
[WhiteElo "1891"]
[BlackElo "2087"]

1. d4 Nf6 2. Nc3 d5 3. Bg5 e6 4. Bxf6 Qxf6 5. e4 Bb4 6. e5 Qe7 7. Bd3 c5 8. a3
cxd4 9. axb4 dxc3 10. bxc3 Nc6 11. Bb5 O-O 12. Qh5 Nxb4 13. Bd3 Nxd3+ 14. cxd3
d4 15. cxd4 Qb4+ 16. Kf1 Qxd4 17. Rd1 Bd7 18. Nf3 Bb5 19. Nxd4 Ba6 20. f4 Rad8
21. Nf3 Bxd3+ 22. Kf2 b5 23. Ng5 Bg6 24. Qf3 Rc8 25. Rc1 b4 26. Rxc8 Rxc8 27.
Qb7 1-0

[Event "AUTO-MASTER-342"]
[Site "http://www.queenalice.com/game.php?id=236295"]
[Date "2007.7.8"]
[Round "1"]
[White "m_2788"]
[Black "Rafael_Barbosa"]
[Result "1-0"]
[WhiteElo "1924"]
[BlackElo "1905"]

1. d4 d5 2. c4 dxc4 3. Nc3 c6 4. a4 a6 5. e4 e6 6. Bxc4 Bb4 7. Ne2 Nf6 8. Bg5
Be7 9. O-O O-O 10. Rc1 b5 11. axb5 axb5 12. Bd3 Ba6 13. Bxf6 Bxf6 14. e5 Be7 15.
Ng3 Qc8 16. Nce4 Qd8 17. Qh5 g6 18. Qg4 Qxd4 19. Nf6+ 1-0

[Event "AUTO-MASTER-342"]
[Site "http://www.queenalice.com/game.php?id=236296"]
[Date "2007.7.8"]
[Round "1"]
[White "Rafael_Barbosa"]
[Black "m_2788"]
[Result "0-1"]
[WhiteElo "1849"]
[BlackElo "1956"]

1. d4 Nf6 2. Nc3 d5 3. e3 Bg4 4. Qd3 Nc6 5. Be2 h5 6. e4 dxe4 7. Nxe4 Nxe4 8.
Qxe4 Qxd4 9. Qe3 O-O-O 10. Nf3 Bxf3 11. Qxf3 Ne5 12. Qh3+ e6 13. Bg5 Qxb2 14.
O-O Rd5 15. Rad1 Rxd1 16. Rxd1 Bd6 17. Qe3 Kb8 18. Qd2 Qxa2 19. Bf4 Qd5 20. Qc3
Qe4 21. Qd2 Nf3+ 22. Bxf3 Qxf4 23. Qd3 Qxh2+ 24. Kf1 h4 25. Bxb7 Kxb7 26. Rb1+
Kc8 27. Qa6+ Kd7 28. Qb5+ Ke7 29. Qg5+ Kd7 30. Rd1 h3 31. gxh3 Qxh3+ 32. Ke2
Qh5+ 33. Qxh5 Rxh5 34. Rd3 a5 35. Rd4 Rc5 0-1

[Event "Challenge"]
[Site "http://www.queenalice.com/game.php?id=236468"]
[Date "2007.7.8"]
[Round "-"]
[White "jcmobregon"]
[Black "Rafael_Barbosa"]
[Result "1-0"]
[WhiteElo "1899"]
[BlackElo "1907"]

1. e4 d5 2. exd5 Qxd5 3. Nc3 Qd8 4. d4 e6 5. Nf3 Bb4 6. Bg5 Ne7 7. Bb5+ Bd7 8.
Bc4 Bxc3+ 9. bxc3 O-O 10. O-O Qe8 11. Re1 Bb5 12. Bxb5 c6 13. Bd3 Nd7 14. Bxe7
Qxe7 15. Ne5 Nxe5 16. Rxe5 g6 17. Qe2 Qa3 18. Qe1 b6 19. c4 Rad8 20. c3 c5 21.
d5 Qa4 22. Qe3 exd5 23. cxd5 Qd7 24. Re1 Qb7 25. Qh6 f5 26. Re7 Rd7 27. Qxh7#
1-0

[Event "Challenge"]
[Site "http://www.queenalice.com/game.php?id=241443"]
[Date "2007.7.17"]
[Round "-"]
[White "Rafael_Barbosa"]
[Black "KLEOJ"]
[Result "0-1"]
[WhiteElo "1907"]
[BlackElo "1992"]

1. d4 d5 2. Nc3 Nc6 3. Nf3 Nf6 4. e3 Bg4 5. Be2 e6 6. a3 Bd6 7. O-O O-O 8. Qd3
e5 9. dxe5 Nxe5 10. Ng5 Nxd3 0-1